| 000 | 00834nam a2200265 a 4500 | ||
|---|---|---|---|
| 001 | BRL_1714 | ||
| 005 | 20190320211333.0 | ||
| 008 | 280514t1973----mx-#######---#000-0#spa-# | ||
| 041 | _aspa | ||
| 044 | _amx | ||
| 050 | 4 |
_aR466 _b.A38 1973 |
|
| 100 | 1 |
_aAguirre Beltrán, Gonzalo _925806 |
|
| 245 | 1 | 0 |
_aMedicina y magia _bEl proceso de aculturación en la estructura colonial _cGonzalo Aguirre Beltrán. |
| 250 | _aPrimera reimp. | ||
| 260 |
_aMéxico _bSEP : INI _c1973 |
||
| 300 |
_a443 p. _bil. _c22 cm. |
||
| 440 | 0 |
_aColección SEP-INI _pSerie Antropología Social _v1 _927709 |
|
| 500 | _aAud2121 | ||
| 504 | _aBibliografía: 359-427 | ||
| 650 | 1 | 4 |
_aMedicina _zMéxico _927710 |
| 650 | 1 | 4 |
_aIndígenas de México _xMedicina _zMéxico _927711 |
| 650 | 1 | 4 |
_aMedicina mágica _zMéxico _927712 |
| 902 | _aGRL | ||
| 942 |
_2lcc _cB |
||
| 999 |
_c10522 _d10522 |
||